MARC details
| 000 -LEADER |
| fixed length control field |
02231cam a2200433 4500 |
| 008 - FIXED-LENGTH DATA ELEMENTS--GENERAL INFORMATION |
| fixed length control field |
031216n2004 000 0 eng u |
| 020 ## - INTERNATIONAL STANDARD BOOK NUMBER |
| International Standard Book Number |
011753935X |
| 035 ## - SYSTEM CONTROL NUMBER |
| System control number |
(Sirsi) u124858 |
| 041 ## - LANGUAGE CODE |
| Language code of text/sound track or separate title |
eng |
| 050 ## - LIBRARY OF CONGRESS CALL NUMBER |
| Classification number |
306.1 |
| -- |
18 |
| 110 ## - MAIN ENTRY--CORPORATE NAME |
| Corporate name or jurisdiction name as entry element |
United Kingdom |
| Subordinate unit |
Office of the Deputy Prime Minister |
| 245 ## - TITLE STATEMENT |
| Title |
Housing statistics 2004 |
| 260 ## - PUBLICATION, DISTRIBUTION, ETC. |
| Place of publication, distribution, etc. |
London |
| Name of publisher, distributor, etc. |
Stationery Office |
| Date of publication, distribution, etc. |
2004 |
| 300 ## - PHYSICAL DESCRIPTION |
| Extent |
vi, 166p. |
| Dimensions |
30cm. |
| 350 ## - PRICE (NR) (BK AM CF MU VM SE) [OBSOLETE] |
| Price |
30 |
| 505 ## - FORMATTED CONTENTS NOTE |
| Formatted contents note |
Section one: dwelling stock (including vacants, conversions and demolitions) |
| 505 ## - FORMATTED CONTENTS NOTE |
| Formatted contents note |
Section two: housebuilding |
| 505 ## - FORMATTED CONTENTS NOTE |
| Formatted contents note |
Section three: housing renewal (including disabled facilities grants) |
| 505 ## - FORMATTED CONTENTS NOTE |
| Formatted contents note |
Section four: households and population estimates and projections |
| 505 ## - FORMATTED CONTENTS NOTE |
| Formatted contents note |
Section five: housing market - house prices, land prices, mortgages and transactions |
| 505 ## - FORMATTED CONTENTS NOTE |
| Formatted contents note |
Section six: rents, lettings and tenancies - costs, housing benefits, tenancy types and rent officers decisions |
| 505 ## - FORMATTED CONTENTS NOTE |
| Formatted contents note |
Section seven: statutory homelessness |
| 505 ## - FORMATTED CONTENTS NOTE |
| Formatted contents note |
Section eight: household characteristics - tenure trend, income and economic status, length of residence, household composition and occupation density |
| 505 ## - FORMATTED CONTENTS NOTE |
| Formatted contents note |
Section nine: housing finance and household expenditure |
| 505 ## - FORMATTED CONTENTS NOTE |
| Formatted contents note |
Section ten: social housing sales (including right to buy and transfers) |
| 520 ## - SUMMARY, ETC. |
| Summary, etc. |
This annual compendium of housing statistics covers all aspects of housing in England, and where consistent data is available, tables also cover the UK. The full publication and live tables/charts are available at www.odpm.gov.uk. Superseded by "Housing statistics 2005" ISBN 0117539597. |
| 650 ## - SUBJECT ADDED ENTRY--TOPICAL TERM |
| Topical term or geographic name entry element |
NEW DWELLINGS |
| 650 ## - SUBJECT ADDED ENTRY--TOPICAL TERM |
| Topical term or geographic name entry element |
HOUSE BUILDING |
| 650 ## - SUBJECT ADDED ENTRY--TOPICAL TERM |
| Topical term or geographic name entry element |
RESIDENTIAL LETTINGS |
| 650 ## - SUBJECT ADDED ENTRY--TOPICAL TERM |
| Topical term or geographic name entry element |
HOMELESSNESS |
| 650 ## - SUBJECT ADDED ENTRY--TOPICAL TERM |
| Topical term or geographic name entry element |
HOUSING STATISTICS |
| 650 ## - SUBJECT ADDED ENTRY--TOPICAL TERM |
| Topical term or geographic name entry element |
DWELLINGS |
| 650 ## - SUBJECT ADDED ENTRY--TOPICAL TERM |
| Topical term or geographic name entry element |
HOUSEHOLDS |
| 650 ## - SUBJECT ADDED ENTRY--TOPICAL TERM |
| Topical term or geographic name entry element |
MORTGAGES |
| 650 ## - SUBJECT ADDED ENTRY--TOPICAL TERM |
| Topical term or geographic name entry element |
OWNER-OCCUPIED HOUSING |
| 690 ## - LOCAL SUBJECT ADDED ENTRY--TOPICAL TERM (OCLC, RLIN) |
| Topical term or geographic name as entry element |
PROPERTY-RESIDENTIAL PROPERTY-RESIDENTIAL PROPERTY MARKET |
| 856 ## - ELECTRONIC LOCATION AND ACCESS |
| Uniform Resource Identifier |
<a href="https://webarchive.nationalarchives.gov.uk/20120919132719/http://www.communities.gov.uk/archived/publications/housing/housingstatistics">https://webarchive.nationalarchives.gov.uk/20120919132719/http://www.communities.gov.uk/archived/publications/housing/housingstatistics</a> |
| Public note |
View "Housing statistics 2004" on the National archives website |
| 942 ## - ADDED ENTRY ELEMENTS (KOHA) |
| Suppress in OPAC |
0 |